000 00825nam a22002177a 4500
999 _c7859
_d7859
003 AR-CdUCM
008 190321b ||||| |||| 00| 0 spa d
040 _aMUNICIPALIDAD PROVINCIAL DEL CUSCO
_cBIBLIOTECA MUNICIPAL DEL CUSCO
082 _a372.3 /
_bC26
100 _aCarpenter, Finley
_922225
245 _aCómo aplicar la psicología a la educación /
260 _aBuenos Aires :
_bPaidós,
_c1971.
300 _a252 páginas ;
_c20 cm.
505 _aContenido: Conceptos fundamentales de una psicología educacional -- Una perspectiva de la enseñanza de asignaturas -- Métodos y tecnología de la educación.
650 _aPsicología educacional
_922226
650 _aEducación
_9460
700 _aHaddan, Eugene E.
_922227
700 _aStein, Monica (traductora)
_922228
942 _2ddc
_cLIBROS
945 _aafb